Derechos humanos y transformacin̤ social

Bibliographic Details
Main Author: Sǹchez Rubio, David
Other Authors: Sǹchez Bravo, ℓlvaro
Format: eBook
Language:Spanish
Published: Madrid: Dykinson, 2021
Subjects:
Online Access:Acceso restringido

MARC

LEADER 00000nam a22000007a 4500
005 20220728154314.0
007 cr|||| ||||
008 220728s2021 es |||||s|||| 00||0 spa d
020 |a 978-84-1122-168-9 
035 |a 36481 
040 |a vLex 
090 |c 13649  |d 13649 
100 1 |a Sǹchez Rubio, David 
245 1 0 |a Derechos humanos y transformacin̤ social  |h [Recurso electrn̤ico] /  |c David Sǹchez Rubio, ℓlvaro Sǹchez Bravo 
256 |a Servicio en ln̕ea 
260 |a Madrid:  |b Dykinson,  |c 2021 
300 |a 1 recurso electrn̤ico 
500 |a La COVID-19 sigue presente en nuestras vidas y parece que el virus vino para quedarse, pero pese a las tragedias y dramas que ha producido y sigue produciendo, la esperanza de quienes lo enfrentamos no cesa. En este marco, el Departamento de Filosofa̕ del Derecho de la Facultad de Derecho de la Universidad de Sevilla publica un segundo libro colectivo, pero ahora enfocado en el tema de los derechos humanos. El primer libro que se edit ̤en esta misma editorial en el aǫ 2020, se dedic ̤a temas relacionados con la teora̕ y la filosofa̕ del derecho en contextos de pandemia. Ahora, en este libro se ha ampliado la colaboracin̤ internacional incorporando a pensadores de Amřica Latina. Aunque las miradas de los autores se mueven tambiň en el m̀bito de la filosofa̕ del derecho y la filosofa̕ polt̕ica, los enfoques tienen como norte los retos que el presente de los derechos humanos plantea de cara a las posibles transformaciones sociales que la nueva realidad, no solo los condicionan, sino tambiň los producen y los reclaman. La obra presenta dos bloques a destacar. Uno ms̀ general y acorde con el tt̕ulo, con el que los artc̕ulos de Antonio Enrique Přez Luǫ, Helio Gallardo, Alejandro Rosillo y Alfonso de Julios-Campuzano abordan el papel de los derechos humanos como instrumentos de cambio social en el marco del mundo global y convulso. El otro bloque se centra en temas ms̀ concretos sobre elementos o materias relacionadas con la realidad de los derechos humanos, como pueden ser la asesora̕ y pedagoga̕ jurd̕ico-popular y la concientizacin̤ jurd̕ica de la justicia entre los grupos y comunidades populares, en el caso de Jess︢ Antonio de la Torre Rangel; el derecho a la salud y las dificultades del acceso a la comunicacin̤ e informacin̤ sobre la salud en el contexto de la pandemia en el artc̕ulo desarrollado por Liton Pilau; el derecho al trabajo y sus desigualdades y asimetra̕s estructurales en las reflexiones planteadas por David Sǹchez Rubio; y los lm̕ites y las posibilidades de la democracia en sus versiones liberales y populares participativas con Vicente Barragǹ. 
506 1 |a Disponible solo en los productos indicados  |d vLex Global  |d vLex Global (Academic Edition, excluding Law Schools)  |d vLex Global (U.S. Academic Edition, Law Schools)  |d vLex Global (U.S. Academic Edition, excluding Law Schools)  |d vLex Global (Academic Edition, Law Schools) 
650 0 4 |a Derecho Militar  |z Espaą 
650 0 4 |a Filosofa̕ y religin̤  |z Espaą 
700 1 |a Sǹchez Bravo, ℓlvaro 
740 0 |a vLex Libros (Servicio en ln̕ea) 
856 4 0 |u https://app.vlex.com/#/sources/36481  |z Acceso restringido 
942 |c BOOK 
999 0 |a Military Law 
999 0 |a Philosophy and religion